000 nam a22 7a 4500
999 _c9588
_d9588
008 180205b ||||| |||| 00| 0 eng d
100 _aJain, A K
_95732
245 _aBasic Health and Physical education - VII
260 _aNew Delhi
_bAvichal Publication
_c2008